000 00737nam a2200241Ia 4500
003 OSt
005 20220923214356.0
006 a|||||r|||| 00| 0
007 ta
008 220922b |||||||| |||| 00| 0 hin d
024 _a169,268
037 _cTextual
040 _aARTS
_cARTS
_bhin
041 _2hin
_ahin
082 _aO152,1J03:g, H5
100 _aजैन, ज्ञान चन्द
245 0 _aमीरा और उनकी प्रेम वाणी
246 _aMīrā aur unakī prem vāṇī
260 _c1945
650 _aहिन्दी साहित्य
_9156264
942 _hO152,1J03:g, H5
_cTEXL
_2CC
999 _c323724
_d323724